| 000 | 00846cam a2200289 a 4500 | ||
|---|---|---|---|
| 001 | 6865418 | ||
| 003 | OSt | ||
| 005 | 20150408114046.0 | ||
| 008 | 120623s2008 stka | 001 0 eng | ||
| 020 | _a0723434557 (pbk.) | ||
| 020 | _a9780723434559 (pbk.) | ||
| 040 | _cMU | ||
| 082 | 0 | 4 |
_a616.0756 M W C _222 |
| 100 | 1 |
_aMarshall, William J., _cPh. D. _916099 |
|
| 245 | 1 | 0 |
_aClinical chemistry / _cWilliam J. Marshall, Stephen K. Bangert. |
| 250 | _a6th ed. | ||
| 260 |
_aEdinburgh ; _aNew York : _bMosby/Elsevier, _c2008. |
||
| 300 |
_a416 p. : _bcol. ill. ; _c25 cm. |
||
| 500 | _aIncludes student consult access. | ||
| 500 | _aPrevious ed.: 2004. | ||
| 500 | _aIncludes index. | ||
| 650 | 4 | _aClinical chemistry. | |
| 650 | 4 |
_aChemistry, Clinical. _913867 |
|
| 700 | 1 |
_aBangert, S. K. _916100 |
|
| 942 |
_2ddc _cDVD |
||
| 999 |
_c24215 _d258715 |
||